000 01480cam a2200313 a 4500
001 13225792
005 20060103152811.0
008 030605s2004 caua b s001 0 eng
010 _a 2003012769
020 _a0520234960 (cloth : alk. paper)
020 _a0520234979 (pbk. : alk. paper)
020 _a9780520256415
040 _aDLC
_cDLC
_dDLC
042 _apcc
050 0 0 _aJC571
_b.I73 2004
082 0 0 _a323.09
_221
_bISH
100 1 _aIshay, Micheline.
245 1 4 _aThe history of human rights :
_bFrom ancient times to the globalization era /
_cMicheline R. Ishay.
260 _aBerkeley :
_bUniversity of California Press,
_cc2008.
300 _axxiii, 450 p. :
_bill. ;
_c24 cm.
504 _aIncludes bibliographical references and index.
650 0 _aHuman rights
_xHistory.
856 4 2 _3Contributor biographical information
_uhttp://www.loc.gov/catdir/bios/ucal052/2003012769.html
856 4 2 _3Publisher description
_uhttp://www.loc.gov/catdir/description/ucal051/2003012769.html
856 4 1 _3Table of contents
_uhttp://www.loc.gov/catdir/toc/ecip045/2003012769.html
942 _2ddc
_cBB
999 _c11032
_d11032